000
00291nam a2200109Ia 4500
008
190723s9999 xx 000 0 und d
100
_a
Dr.Asghar S.Nasir
245
0
_a
Small Entrepreneurs in Developing Countries
260
_a
Karachi
_b
Ilmi Kitab Khana
_c
2017
300
_a
554
942
_c
BK
999
_c
1247
_d
1247